1175 1047 1492 1801 1427 1653 1807 1272 1061 1555 1837 1785 1642 1885 1480 1169 1023 1899 1696 1475 1118 1040 1713 1069 1308 1413 1273 1680 1474 1995 1907 1608 1380 1445 1206 1198 1048 1250 1550 1535 1945 1002 1146 1133 1246 1574 1291 1083 1689 1747 1448 1221 1183 1257 1791 1592 1742 1954 1277 1508 1214 1677 1263 1176 1287 1848 1869 1232 1540 1786 1282 1066 1973 1912 1106 1773 1501 1826 1208 1717 1926 1232 1634 1845 1954 1504 1007 1259 1590 1229 1590 1016 1450 1857 1844 1154 1138 1562 1851 BCNSPRNW ULIB Ver.6.0+V

เปลี่ยนเป็นภาษาไทย

Change to English
 แสดงรายละเอียดบรรณานุกรม
  กลับหน้าหลัก

Brief Record : Get Marc (ISO 2709) : E-mail record : QR code < ปิดหน้าต่าง
LEADER : 00000nas 2200000uu 4500
001    13399127759
003     ULIB
008    210630s2564||||th 000 0 tha d
022 0  ^a27739031
245 00 ^aวารสารการวิจัยการพยาบาลและการสาธารณสุข = Journal of Nursing and Public Health Research/^c;วิทยาลัยพยาบาลบรมราชชนนี เชียงใหม่
310    ^aรายสี่เดือน
850 ^a ULIB^bปีที่ 1 ฉบับที่ 1 ฉ.1
945    ^p0^l0^i905762
999    ^aประนอม เกษจรัล
รายการนี้ยังไม่มีแท็ก
คุณยังไม่ได้ล็อกอิน คุณสามารถมีกิจกรรมร่วมกับเว็บไซต์ได้ แต่ต้องล็อกอินก่อน ::
  ล็อกอิน

รายการสื่อสารสนเทศ (วารสาร)

ดูแบบ: กล่อง รายการ
ARRIVED
ปีที่ 1 ฉบับที่ 1 ฉ.1
สถานที่: ห้องสมุดวิทยาเขตสวรรค์ประชารักษ์ >วารสาร

BibComment


ยังไม่เคยถูกคอมเมนท์

คอมเมนท์ทรัพยากรรายการนี้
  คอมเมนท์: วารสารการวิจัยกา..


 Copyright 2026. Bcnsprnw @Library